[Event "TMH"]
[Site "?"]
[Date "2021.12.22"]
[Round "8.6"]
[White "Sousa, Nuno"]
[Black "Andrade, Ricardo"]
[Result "1/2-1/2"]
[BlackElo "1816"]
[WhiteElo "1747"]
[LiveChessVersion "1.4.8"]

1. b3 {[%clk 1:30:55]} Nf6 {[%clk 1:30:52]} 2. Bb2 {[%clk 1:31:21]} e6
{[%clk 1:31:08]} 3. Nf3 {[%clk 1:31:31]} b6 {[%clk 1:31:23]} 4. e3
{[%clk 1:30:27]} Bb7 {[%clk 1:31:44]} 5. c4 {[%clk 1:30:26]} c5 {[%clk 1:32:00]}
6. Be2 {[%clk 1:30:15]} Be7 {[%clk 1:32:16]} 7. O-O {[%clk 1:30:40]} O-O
{[%clk 1:32:34]} 8. d4 {[%clk 1:30:38]} cxd4 {[%clk 1:32:31]} 9. Nxd4
{[%clk 1:25:56]} d5 {[%clk 1:28:30]} 10. Bf3 {[%clk 1:25:13]} Nc6
{[%clk 1:27:32]} 11. Nc3 {[%clk 1:21:54]} Nxd4 {[%clk 1:27:31]} 12. Qxd4
{[%clk 1:21:58]} Bc5 {[%clk 1:25:41]} 13. Qh4 {[%clk 1:17:39]} Ne4
{[%clk 1:24:37]} 14. Qxd8 {[%clk 1:14:33]} Rfxd8 {[%clk 1:24:41]} 15. Rfd1
{[%clk 1:13:44]} Ng5 {[%clk 1:24:10]} 16. cxd5 {[%clk 1:10:30]} Nxf3+
{[%clk 1:24:32]} 17. gxf3 {[%clk 1:10:56]} exd5 {[%clk 1:24:23]} 18. Nb5
{[%clk 1:07:37]} d4 {[%clk 1:22:49]} 19. Nxd4 {[%clk 0:59:41]} Bxd4
{[%clk 1:23:07]} 20. Rxd4 {[%clk 0:59:20]} Rxd4 {[%clk 1:23:28]} 21. Bxd4
{[%clk 0:59:43]} Bxf3 {[%clk 1:23:53]} 22. Rc1 {[%clk 1:00:01]} h5
{[%clk 1:20:51]} 23. h4 {[%clk 0:55:38]} Rb8 {[%clk 1:19:22]} 24. Rc7
{[%clk 0:54:52]} Rb7 {[%clk 1:19:44]} 25. Rc8+ {[%clk 0:53:43]} Kh7
{[%clk 1:20:09]} 26. Kh2 {[%clk 0:54:08]} Bg4 {[%clk 1:20:02]} 27. Rc6
{[%clk 0:53:18]} Bf3 {[%clk 1:19:39]} 28. Rc1 {[%clk 0:52:34]} Rd7
{[%clk 1:18:36]} 29. Rg1 {[%clk 0:50:29]} f6 {[%clk 1:17:51]} 30. Kg3
{[%clk 0:50:47]} Bg4 {[%clk 1:16:55]} 31. Rc1 {[%clk 0:48:55]} Bf5
{[%clk 1:16:15]} 32. Kf4 {[%clk 0:48:38]} Bg6 {[%clk 1:14:13]} 33. a4
{[%clk 0:46:08]} Bf7 {[%clk 1:11:17]} 34. b4 {[%clk 0:43:43]} Bb3
{[%clk 1:09:06]} 35. a5 {[%clk 0:42:35]} bxa5 {[%clk 1:07:54]} 36. bxa5
{[%clk 0:42:31]} Kg6 {[%clk 1:04:04]} 37. Rc6 {[%clk 0:41:27]} Bd5
{[%clk 0:59:41]} 38. Ra6 {[%clk 0:40:52]} Bc4 {[%clk 0:59:41]} 39. Rxa7
{[%clk 0:40:37]} Rxa7 {[%clk 0:59:26]} 40. Bxa7 {[%clk 0:41:01]} Bd3
{[%clk 0:58:54]} 41. e4 {[%clk 0:40:21]} Kf7 {[%clk 0:55:04]} 42. Ke3
{[%clk 0:40:04]} Bf1 {[%clk 0:55:09]} 43. f4 {[%clk 0:35:34]} g6 {[%clk 0:53:03]}
44. Kd4 {[%clk 0:34:33]} Ke6 {[%clk 0:53:04]} 45. Bb8 {[%clk 0:34:09]} Be2
{[%clk 0:52:35]} 46. e5 {[%clk 0:29:58]} g5 {[%clk 0:47:58]} 47. hxg5
{[%clk 0:23:44]} fxg5 {[%clk 0:47:44]} 48. fxg5 {[%clk 0:23:03]} h4
{[%clk 0:46:57]} 49. Ke3 {[%clk 0:23:10]} h3 {[%clk 0:44:28]} 50. Kf2
{[%clk 0:23:32]} Bc4 {[%clk 0:44:43]} 51. g6 {[%clk 0:21:14]} Kf5
{[%clk 0:41:22]} 52. g7 {[%clk 0:20:14]} Kg6 {[%clk 0:41:38]} 53. e6
{[%clk 0:13:38]} Kxg7 {[%clk 0:41:23]} 54. e7 {[%clk 0:13:59]} Kf7
{[%clk 0:41:27]} 55. Bd6 {[%clk 0:14:21]} Bb5 {[%clk 0:40:08]} 56. Kg3
{[%clk 0:14:24]} Ke8 {[%clk 0:40:23]} 57. Kxh3 {[%clk 0:14:29]} Kd7
{[%clk 0:40:45]} 58. Bc5 {[%clk 0:14:16]} Kc8 {[%clk 0:40:49]} 59. a6
{[%clk 0:14:22]} Kb8 {[%clk 0:41:12]} 1/2-1/2

[Event "TMH"]
[Site "?"]
[Date "2021.12.22"]
[Round "8.7"]
[White "Farias, David"]
[Black "Machiavelo, Antonio"]
[Result "1-0"]
[BlackElo "1699"]
[WhiteElo "1827"]
[LiveChessVersion "1.4.8"]

1. e4 {[%clk 1:30:58]} c5 {[%clk 1:27:27]} 2. Nf3 {[%clk 1:31:26]} Nc6
{[%clk 1:27:25]} 3. d4 {[%clk 1:31:50]} cxd4 {[%clk 1:27:44]} 4. Nxd4
{[%clk 1:32:19]} g6 {[%clk 1:27:35]} 5. Nc3 {[%clk 1:31:07]} Bg7 {[%clk 1:27:54]}
6. Be3 {[%clk 1:30:42]} Nf6 {[%clk 1:28:04]} 7. Bc4 {[%clk 1:25:58]} d6
{[%clk 1:27:52]} 8. f3 {[%clk 1:18:26]} O-O {[%clk 1:28:09]} 9. Qd2
{[%clk 1:18:36]} a6 {[%clk 1:28:17]} 10. O-O-O {[%clk 1:17:36]} Na5
{[%clk 1:24:52]} 11. Bb3 {[%clk 1:17:50]} b5 {[%clk 1:23:50]} 12. h4
{[%clk 1:15:43]} Nc4 {[%clk 1:23:46]} 13. Bxc4 {[%clk 1:15:27]} bxc4
{[%clk 1:24:07]} 14. h5 {[%clk 1:10:47]} Nxh5 {[%clk 1:24:24]} 15. g4 Nf6
{[%clk 1:24:43]} 16. Bh6 {[%clk 1:08:21]} Bb7 {[%clk 1:20:52]} 17. Bxg7
{[%clk 1:08:04]} Kxg7 {[%clk 1:21:16]} 18. Qh6+ {[%clk 1:07:21]} Kg8
{[%clk 1:21:33]} 19. g5 {[%clk 1:07:24]} Nh5 {[%clk 1:21:56]} 20. Rxh5
{[%clk 1:06:45]} gxh5 {[%clk 1:22:19]} 21. Nf5 {[%clk 1:07:08]} 1-0

[Event "TMH"]
[Site "?"]
[Date "2021.12.22"]
[Round "8.8"]
[White "Sarabando, Rodrigo"]
[Black "Fonseca, Pedro"]
[Result "1/2-1/2"]
[BlackElo "1760"]
[WhiteElo "1871"]
[LiveChessVersion "1.4.8"]

1. d4 {[%clk 1:30:51]} d5 {[%clk 1:30:59]} 2. c4 {[%clk 1:31:15]} dxc4
{[%clk 1:31:23]} 3. e4 {[%clk 1:31:41]} e5 {[%clk 1:31:46]} 4. d5
{[%clk 1:31:55]} Nf6 {[%clk 1:32:05]} 5. Nc3 {[%clk 1:32:08]} b5 {[%clk 1:32:19]}
6. Qc2 {[%clk 1:31:12]} Bb4 {[%clk 1:26:56]} 7. Be2 {[%clk 1:26:15]} c6
{[%clk 1:25:18]} 8. Bg5 {[%clk 1:18:24]} Bb7 {[%clk 1:18:30]} 9. a3
{[%clk 1:15:12]} Bxc3+ {[%clk 1:16:50]} 10. Qxc3 {[%clk 1:15:14]} O-O
{[%clk 1:11:32]} 11. Qxe5 {[%clk 1:10:37]} cxd5 {[%clk 1:08:56]} 12. Bxf6
{[%clk 1:09:27]} Qxf6 {[%clk 1:09:10]} 13. Qxf6 {[%clk 1:09:18]} gxf6
{[%clk 1:09:37]} 14. exd5 {[%clk 1:09:28]} Bxd5 {[%clk 1:09:48]} 15. Nf3
{[%clk 1:09:24]} Re8 {[%clk 1:09:04]} 16. Nd4 {[%clk 1:08:52]} a6
{[%clk 1:08:54]} 17. O-O-O {[%clk 1:01:59]} Nc6 {[%clk 1:06:03]} 18. Bh5
{[%clk 0:59:46]} Re5 {[%clk 1:02:08]} 19. Nxc6 {[%clk 0:50:06]} Bxc6
{[%clk 1:02:23]} 20. Bg4 {[%clk 0:49:44]} h5 {[%clk 0:58:38]} 21. f4
{[%clk 0:46:47]} Rc5 {[%clk 0:57:13]} 22. Bd7 {[%clk 0:45:03]} Be4
{[%clk 0:54:51]} 23. Bh3 {[%clk 0:30:28]} a5 {[%clk 0:52:28]} 24. Rhe1
{[%clk 0:30:09]} f5 {[%clk 0:51:28]} 25. Re3 {[%clk 0:30:08]} Bd3
{[%clk 0:48:13]} 26. g3 {[%clk 0:27:29]} Be4 {[%clk 0:47:33]} 27. g4
{[%clk 0:25:59]} hxg4 {[%clk 0:46:59]} 28. Bxg4 {[%clk 0:26:19]} b4
{[%clk 0:45:50]} 29. Bf3 {[%clk 0:25:43]} bxa3 {[%clk 0:43:46]} 30. Rxa3
{[%clk 0:25:50]} c3 {[%clk 0:43:31]} 31. Bxe4 {[%clk 0:25:54]} cxb2+
{[%clk 0:43:28]} 32. Kxb2 {[%clk 0:26:16]} Rb8+ {[%clk 0:43:03]} 33. Bb7
{[%clk 0:26:08]} Rxb7+ {[%clk 0:43:02]} 34. Rb3 {[%clk 0:26:00]} Rcb5
{[%clk 0:42:02]} 35. Rxb5 {[%clk 0:23:03]} Rxb5+ {[%clk 0:41:50]} 36. Kc3
{[%clk 0:22:00]} Rb4 {[%clk 0:41:53]} 37. Ra1 {[%clk 0:21:59]} Rxf4
{[%clk 0:42:03]} 38. Rxa5 {[%clk 0:22:23]} Kg7 {[%clk 0:42:13]} 39. Kd3
{[%clk 0:22:15]} Kf6 {[%clk 0:42:08]} 40. Ke3 {[%clk 0:21:38]} Rh4
{[%clk 0:39:57]} 41. Ra2 {[%clk 0:20:39]} Kg5 {[%clk 0:38:12]} 42. Kf3
{[%clk 0:18:41]} f4 {[%clk 0:37:21]} 43. Ra5+ {[%clk 0:17:58]} f5
{[%clk 0:37:35]} 44. Ra8 {[%clk 0:17:54]} Rh3+ {[%clk 0:37:22]} 45. Kg2
{[%clk 0:15:48]} Rb3 {[%clk 0:37:15]} 46. Rg8+ {[%clk 0:14:35]} Kf6
{[%clk 0:37:38]} 47. Kf2 {[%clk 0:11:03]} f3 {[%clk 0:34:29]} 48. Rg3
{[%clk 0:10:41]} f4 {[%clk 0:34:44]} 49. Rxf3 {[%clk 0:10:38]} Rb2+
{[%clk 0:35:04]} 50. Kg1 {[%clk 0:08:11]} Kf5 {[%clk 0:35:13]} 51. Ra3
{[%clk 0:08:22]} Kg4 {[%clk 0:35:16]} 52. Rc3 {[%clk 0:06:08]} Kf5
{[%clk 0:34:57]} 53. Ra3 {[%clk 0:03:28]} Ke4 {[%clk 0:35:17]} 54. Kf1
{[%clk 0:02:37]} Rxh2 {[%clk 0:35:24]} 55. Rc3 {[%clk 0:02:12]} Kf5
{[%clk 0:35:09]} 56. Kg1 {[%clk 0:01:16]} Ra2 {[%clk 0:33:42]} 57. Kf1
{[%clk 0:01:32]} Kg4 {[%clk 0:33:59]} 58. Rb3 {[%clk 0:01:38]} Ra4
{[%clk 0:33:39]} 59. Kf2 {[%clk 0:01:52]} Rc4 {[%clk 0:31:46]} 60. Ra3
{[%clk 0:02:11]} Rc2+ {[%clk 0:32:01]} 61. Kf1 {[%clk 0:02:31]} Rh2
{[%clk 0:30:53]} 62. Rb3 {[%clk 0:02:21]} Rh7 {[%clk 0:30:53]} 63. Kf2
{[%clk 0:02:34]} Rc7 {[%clk 0:31:14]} 64. Ra3 {[%clk 0:02:54]} Rc4
{[%clk 0:31:19]} 65. Rb3 {[%clk 0:03:17]} f3 {[%clk 0:31:41]} 66. Rb8
{[%clk 0:03:39]} Rc2+ {[%clk 0:31:58]} 67. Kf1 {[%clk 0:03:53]} Rc4
{[%clk 0:31:58]} 68. Kf2 {[%clk 0:03:55]} Rc2+ {[%clk 0:32:16]} 69. Kf1
{[%clk 0:04:21]} Kg3 {[%clk 0:32:24]} 70. Rg8+ {[%clk 0:04:41]} Kf4
{[%clk 0:32:23]} 1/2-1/2

[Event "TMH"]
[Site "?"]
[Date "2021.12.22"]
[Round "8.9"]
[White "Marinho, Antonio"]
[Black "Botelho, Adelino"]
[Result "1-0"]
[BlackElo "1412"]
[WhiteElo "1626"]
[LiveChessVersion "1.4.8"]

1. e4 c6 {[%clk 1:18:33]} 2. Nf3 {[%clk 1:30:53]} d5 {[%clk 1:18:48]} 3. Nc3
{[%clk 1:31:17]} dxe4 {[%clk 1:18:58]} 4. Nxe4 {[%clk 1:31:38]} Nf6
{[%clk 1:19:15]} 5. Ng3 {[%clk 1:31:57]} Bg4 {[%clk 1:19:05]} 6. h3
{[%clk 1:32:21]} Bxf3 {[%clk 1:18:20]} 7. Qxf3 {[%clk 1:32:44]} Qc7
{[%clk 1:18:15]} 8. d4 {[%clk 1:32:48]} e6 {[%clk 1:18:23]} 9. Bd3
{[%clk 1:32:55]} Nbd7 {[%clk 1:18:21]} 10. O-O {[%clk 1:33:05]} Bd6
{[%clk 1:15:34]} 11. Ne4 {[%clk 1:32:50]} Nxe4 {[%clk 1:15:23]} 12. Bxe4
{[%clk 1:33:13]} Nf6 {[%clk 1:15:31]} 13. Bd3 {[%clk 1:33:37]} O-O
{[%clk 1:14:20]} 14. Re1 {[%clk 1:33:34]} Rad8 {[%clk 1:12:04]} 15. c3
{[%clk 1:33:45]} h6 {[%clk 1:11:55]} 16. Bxh6 {[%clk 1:34:10]} gxh6
{[%clk 1:10:39]} 17. Qxf6 {[%clk 1:34:32]} 1-0

[Event "TMH"]
[Site "?"]
[Date "2021.12.22"]
[Round "8.10"]
[White "Valente, Sofia"]
[Black "Antao, Jorge"]
[Result "1-0"]
[BlackElo "1828"]
[WhiteElo "1262"]
[LiveChessVersion "1.4.8"]

1. c4 Nf6 2. Nc3 c6 3. e4 d6 4. f4 g6 5. Nf3 Bg7 6. Be2 O-O 7. O-O c5 8. d3 Nc6
9. Be3 Ng4 10. Bf2 Nxf2 11. Rxf2 Nd4 12. Bf1 Nxf3+ 13. Rxf3 Bg4 14. f5 Bxf3 15.
Qxf3 e6 16. g4 Qf6 17. Bg2 exf5 18. gxf5 Qg5 19. Rf1 Bd4+ 20. Kh1 Rae8 21. Nb5 a6
22. Nxd4 cxd4 23. Qg3 Qxg3 24. hxg3 b5 25. Rd1 bxc4 26. dxc4 gxf5 27. Rxd4 fxe4
28. Bxe4 f5 29. Bd5+ Kg7 30. Kg2 Rf6 31. Bb7 a5 32. Rd5 Re2+ 33. Kf3 Rxb2 1-0

[Event "TMH"]
[Site "?"]
[Date "2021.12.23"]
[Round "9.6"]
[White "Botelho, Adelino"]
[Black "Sousa, Nuno"]
[Result "0-1"]
[BlackElo "1747"]
[WhiteElo "1412"]
[LiveChessVersion "1.4.8"]

1. d4 {[%clk 1:18:49]} Nf6 {[%clk 1:30:55]} 2. Nf3 {[%clk 1:19:10]} g6
{[%clk 1:31:15]} 3. Bg5 {[%clk 1:19:25]} d5 {[%clk 1:30:24]} 4. e3
{[%clk 1:19:40]} Bg4 {[%clk 1:29:52]} 5. Nbd2 {[%clk 1:19:28]} Bg7
{[%clk 1:27:12]} 6. Bd3 {[%clk 1:19:24]} Nbd7 {[%clk 1:27:04]} 7. c3
{[%clk 1:19:33]} O-O {[%clk 1:26:31]} 8. h3 {[%clk 1:19:08]} Bxf3
{[%clk 1:25:50]} 9. gxf3 {[%clk 1:12:52]} c5 {[%clk 1:24:53]} 10. e4
{[%clk 1:10:12]} e5 {[%clk 1:20:39]} 11. exd5 {[%clk 1:07:02]} exd4
{[%clk 1:20:46]} 12. c4 {[%clk 1:06:39]} Re8+ {[%clk 1:19:31]} 13. Ne4
{[%clk 1:05:13]} Nxe4 {[%clk 1:17:35]} 14. Bxd8 Nc3+ 15. Kf1 {[%clk 0:59:04]}
Nxd1 {[%clk 1:17:53]} 16. Rxd1 {[%clk 0:59:20]} Raxd8 {[%clk 1:18:11]} 0-1

[Event "TMH"]
[Site "?"]
[Date "2021.12.23"]
[Round "9.7"]
[White "Fonseca, Pedro"]
[Black "Valente, Sofia"]
[Result "1-0"]
[BlackElo "1262"]
[WhiteElo "1760"]
[LiveChessVersion "1.4.8"]

1. e4 {[%clk 1:30:58]} d5 2. exd5 {[%clk 1:31:25]} Nf6 {[%clk 1:28:09]} 3. d4
{[%clk 1:31:53]} Bg4 {[%clk 1:27:56]} 4. f3 {[%clk 1:32:22]} Bf5 {[%clk 1:27:52]}
5. g4 {[%clk 1:32:20]} Bg6 {[%clk 1:25:24]} 6. c4 {[%clk 1:32:25]} c6
{[%clk 1:21:21]} 7. dxc6 Nxc6 {[%clk 1:17:52]} 8. d5 {[%clk 1:28:20]} Ne5
{[%clk 1:09:35]} 9. g5 {[%clk 1:28:02]} Ng8 {[%clk 1:03:19]} 10. Bf4
{[%clk 1:23:37]} Nd7 {[%clk 0:58:38]} 11. Nc3 {[%clk 1:23:46]} a6
{[%clk 0:57:58]} 12. Qe2 {[%clk 1:22:56]} h6 {[%clk 0:56:49]} 13. d6
{[%clk 1:22:22]} Nc5 {[%clk 0:53:56]} 14. Rd1 {[%clk 1:22:27]} Nd3+
{[%clk 0:48:41]} 15. Rxd3 {[%clk 1:22:40]} Bxd3 {[%clk 0:48:57]} 16. Qxd3
{[%clk 1:22:43]} e6 {[%clk 0:48:15]} 17. h4 {[%clk 1:20:35]} hxg5
{[%clk 0:47:42]} 18. Bxg5 {[%clk 1:19:55]} Qxd6 {[%clk 0:47:41]} 19. Qxd6
{[%clk 1:19:35]} Bxd6 {[%clk 0:48:07]} 20. Nge2 {[%clk 1:18:06]} Ne7
{[%clk 0:46:47]} 21. Be3 {[%clk 1:15:26]} O-O-O {[%clk 0:45:47]} 22. c5
{[%clk 1:15:27]} Be5 {[%clk 0:45:35]} 23. f4 {[%clk 1:15:25]} Bf6
{[%clk 0:44:58]} 24. Bf2 {[%clk 1:15:38]} Nf5 {[%clk 0:44:13]} 25. h5
{[%clk 1:11:45]} g6 {[%clk 0:42:32]} 26. Bg2 {[%clk 1:07:09]} gxh5
{[%clk 0:40:46]} 27. Be4 {[%clk 1:04:10]} Nd4 {[%clk 0:38:13]} 28. Bh4
{[%clk 1:03:20]} Bxh4+ {[%clk 0:37:12]} 29. Rxh4 {[%clk 1:03:48]} f5
{[%clk 0:36:12]} 30. Nxd4 {[%clk 1:02:14]} Rxd4 {[%clk 0:36:08]} 31. Bc2
{[%clk 0:58:48]} Rh6 {[%clk 0:33:58]} 32. Ke2 {[%clk 0:57:44]} Rc4
{[%clk 0:32:07]} 33. Kd3 {[%clk 0:57:25]} Rxc5 {[%clk 0:31:35]} 34. Kd4
{[%clk 0:57:45]} Rc7 {[%clk 0:30:56]} 35. Bb3 {[%clk 0:57:31]} Kd7
{[%clk 0:30:20]} 36. Na4 {[%clk 0:57:34]} Kd6 {[%clk 0:29:28]} 37. Nb6
{[%clk 0:57:20]} Ke7 {[%clk 0:28:48]} 38. Nc4 {[%clk 0:53:58]} b5
{[%clk 0:28:10]} 39. Ne3 {[%clk 0:53:15]} Rc1 {[%clk 0:27:19]} 40. Bc2
{[%clk 0:52:32]} Re1 {[%clk 0:24:41]} 41. Rh3 {[%clk 0:51:30]} Rh8
{[%clk 0:24:45]} 42. Kc3 {[%clk 0:49:26]} Rg1 {[%clk 0:23:55]} 43. Kb4
{[%clk 0:47:18]} h4 {[%clk 0:23:39]} 44. Ka5 {[%clk 0:45:59]} Rg3
{[%clk 0:22:53]} 45. Bxf5 {[%clk 0:46:02]} exf5 {[%clk 0:21:45]} 46. Nxf5+
{[%clk 0:46:20]} Kf7 {[%clk 0:21:56]} 47. Nxg3 {[%clk 0:46:24]} hxg3
{[%clk 0:22:05]} 48. Rxg3 {[%clk 0:46:44]} Rh2 {[%clk 0:20:53]} 49. Rb3
{[%clk 0:46:33]} Rh6 {[%clk 0:20:53]} 50. a3 {[%clk 0:45:57]} Rc6
{[%clk 0:20:38]} 51. Rc3 {[%clk 0:46:08]} Rd6 {[%clk 0:20:04]} 52. Rc7+
{[%clk 0:45:47]} Ke8 {[%clk 0:19:46]} 53. Ra7 {[%clk 0:44:55]} Rd2
{[%clk 0:19:53]} 54. b4 {[%clk 0:45:11]} Rd3 {[%clk 0:19:25]} 55. Rxa6
{[%clk 0:44:07]} Rxa3+ {[%clk 0:19:20]} 56. Kxb5 {[%clk 0:42:19]} Rf3
{[%clk 0:19:37]} 57. Kc6 {[%clk 0:40:44]} Rxf4 {[%clk 0:19:51]} 58. Ra8+
{[%clk 0:41:12]} Ke7 {[%clk 0:20:01]} 59. b5 {[%clk 0:41:21]} Rc4+
{[%clk 0:20:03]} 60. Kb7 {[%clk 0:41:39]} Kd7 {[%clk 0:20:09]} 61. b6
{[%clk 0:41:22]} Rb4 {[%clk 0:19:58]} 62. Ra1 {[%clk 0:41:36]} Rd4
{[%clk 0:19:33]} 63. Ka8 {[%clk 0:41:41]} Kc6 {[%clk 0:19:34]} 64. b7
{[%clk 0:41:44]} Kd5 1-0

[Event "TMH"]
[Site "?"]
[Date "2021.12.23"]
[Round "9.8"]
[White "Machiavelo, Antonio"]
[Black "Sarabando, Rodrigo"]
[Result "0-1"]
[BlackElo "1871"]
[WhiteElo "1699"]
[LiveChessVersion "1.4.8"]

1. d4 {[%clk 1:30:56]} Nf6 {[%clk 1:30:55]} 2. Bf4 {[%clk 1:31:17]} d5
{[%clk 1:31:15]} 3. e3 {[%clk 1:31:30]} c5 {[%clk 1:29:35]} 4. c3
{[%clk 1:31:19]} Nc6 {[%clk 1:29:39]} 5. Bd3 {[%clk 1:31:15]} Qb6
{[%clk 1:29:26]} 6. Qc2 {[%clk 1:24:36]} g6 {[%clk 1:23:24]} 7. Nf3
{[%clk 1:24:55]} c4 {[%clk 1:23:48]} 8. Be2 {[%clk 1:25:15]} Bf5 {[%clk 1:24:17]}
9. Qc1 {[%clk 1:25:02]} Bg7 {[%clk 1:24:16]} 10. Nbd2 {[%clk 1:25:01]} O-O
{[%clk 1:23:22]} 11. h3 {[%clk 1:25:22]} Rad8 {[%clk 1:20:10]} 12. Ne5
{[%clk 1:14:15]} Bc8 {[%clk 1:16:56]} 13. g4 {[%clk 1:12:40]} Nxe5
{[%clk 1:16:30]} 14. Bxe5 {[%clk 1:07:45]} Nd7 {[%clk 1:15:46]} 15. Bg3
{[%clk 1:02:46]} e5 {[%clk 1:15:33]} 16. Bf3 {[%clk 1:02:59]} Qe6
{[%clk 1:15:35]} 17. O-O {[%clk 1:00:31]} e4 {[%clk 1:13:42]} 18. Bg2
{[%clk 1:00:54]} Bh6 {[%clk 1:13:40]} 19. b3 {[%clk 1:01:00]} b5 {[%clk 1:13:19]}
20. a4 {[%clk 1:01:17]} a6 {[%clk 1:12:50]} 21. axb5 {[%clk 1:01:21]} axb5
{[%clk 1:13:19]} 22. Ra5 {[%clk 0:59:27]} f5 {[%clk 1:12:08]} 23. gxf5
{[%clk 0:56:07]} gxf5 {[%clk 1:12:21]} 24. bxc4 {[%clk 0:52:07]} bxc4
{[%clk 1:12:35]} 25. Bf4 {[%clk 0:47:29]} Bxf4 {[%clk 1:12:38]} 26. exf4
{[%clk 0:47:52]} Nf6 {[%clk 1:12:28]} 27. Kh1 {[%clk 0:47:25]} Nh5
{[%clk 1:11:09]} 28. Rg1 {[%clk 0:47:34]} Kh8 {[%clk 1:11:30]} 29. Nf1
{[%clk 0:47:54]} Qh6 {[%clk 1:11:21]} 30. Qe3 {[%clk 0:30:33]} Qxf4
{[%clk 1:11:18]} 31. Ra3 {[%clk 0:28:22]} Qd6 {[%clk 1:11:21]} 32. Ra1
{[%clk 0:27:52]} f4 {[%clk 1:11:38]} 33. Qd2 {[%clk 0:26:28]} f3 {[%clk 1:11:12]}
34. Bxf3 Rxf3 {[%clk 1:11:30]} 35. Ng3 {[%clk 0:26:03]} Nxg3+ {[%clk 1:10:59]}
36. fxg3 {[%clk 0:26:22]} Rxg3 {[%clk 1:11:04]} 37. Rxg3 {[%clk 0:25:16]} Qxg3
{[%clk 1:11:32]} 0-1

[Event "TMH"]
[Site "?"]
[Date "2021.12.23"]
[Round "9.9"]
[White "Andrade, Ricardo"]
[Black "Farias, David"]
[Result "1/2-1/2"]
[BlackElo "1827"]
[WhiteElo "1816"]
[LiveChessVersion "1.4.8"]

1. b3 {[%clk 1:30:55]} e6 {[%clk 1:30:34]} 2. Bb2 {[%clk 1:31:19]} Nf6
{[%clk 1:30:54]} 3. e3 {[%clk 1:31:38]} Be7 {[%clk 1:30:43]} 4. c4
{[%clk 1:32:01]} b6 {[%clk 1:29:12]} 5. Nf3 {[%clk 1:32:20]} Bb7 {[%clk 1:28:02]}
6. Be2 {[%clk 1:31:50]} O-O {[%clk 1:26:52]} 7. d3 {[%clk 1:30:07]} d5
{[%clk 1:25:30]} 8. Nbd2 {[%clk 1:30:06]} Nbd7 {[%clk 1:23:36]} 9. O-O
{[%clk 1:29:24]} c5 {[%clk 1:20:22]} 10. Qc2 {[%clk 1:29:23]} Qc7
{[%clk 1:17:49]} 11. Rac1 {[%clk 1:27:39]} Rac8 {[%clk 1:15:37]} 12. Rfe1
{[%clk 1:27:40]} Qb8 {[%clk 1:13:17]} 13. Nf1 {[%clk 1:26:35]} e5
{[%clk 1:08:50]} 14. cxd5 {[%clk 1:23:17]} Nxd5 {[%clk 1:08:37]} 15. Ng3
{[%clk 1:22:04]} Nb4 {[%clk 1:00:50]} 16. Qb1 {[%clk 1:22:20]} Rfe8
{[%clk 0:49:38]} 17. a3 {[%clk 1:22:22]} Nc6 {[%clk 0:48:46]} 18. d4
{[%clk 1:17:50]} Na5 {[%clk 0:40:12]} 19. Bb5 {[%clk 1:14:19]} Bc6
{[%clk 0:39:37]} 20. Bxc6 {[%clk 1:14:07]} Nxc6 {[%clk 0:39:06]} 21. d5
{[%clk 1:09:43]} Na5 {[%clk 0:38:46]} 22. Qd3 {[%clk 1:09:15]} Nb7
{[%clk 0:35:16]} 23. e4 {[%clk 1:03:18]} g6 {[%clk 0:26:19]} 24. h4
{[%clk 1:00:19]} Bf6 {[%clk 0:24:25]} 25. Nf1 {[%clk 0:53:47]} Nd6
{[%clk 0:23:56]} 26. a4 {[%clk 0:52:52]} a6 {[%clk 0:18:03]} 27. N3d2
{[%clk 0:25:53]} b5 {[%clk 0:15:20]} 28. g3 {[%clk 0:25:42]} c4 {[%clk 0:12:07]}
29. bxc4 Nxc4 {[%clk 0:10:46]} 30. Nxc4 {[%clk 0:25:39]} bxc4 {[%clk 0:11:10]}
31. Qc3 {[%clk 0:22:06]} Nc5 {[%clk 0:09:37]} 32. Ba3 {[%clk 0:22:22]} Nxa4
{[%clk 0:07:52]} 33. Qc2 {[%clk 0:22:05]} Nc5 {[%clk 0:04:06]} 34. Qxc4
{[%clk 0:22:07]} Nb3 {[%clk 0:04:27]} 35. Qxa6 {[%clk 0:21:01]} Nxc1
{[%clk 0:04:44]} 36. Qxf6 {[%clk 0:20:20]} Nd3 {[%clk 0:04:43]} 37. h5
{[%clk 0:19:01]} gxh5 {[%clk 0:01:50]} 38. Ne3 Rc6 1/2-1/2